000 00563nam a2200193Ia 4500
005 20250326143131.0
008 250326s9999 xx 000 0 und d
020 _a0-85374-315-0
037 _aTextbook
040 _aFMSL
_beng
_cFMSL
041 _aeng
_2eng
084 _aX:97D.56 M6
_qFMSL
100 _aFogarty Michael
245 0 _aTrade unions and british industrial development
_cFogarty Michael
260 _aLondon
_bLondon, Policy Studies Institute
_c1986
300 _a184p
942 _cTB
_hX:97D.56 M6
999 _c1298246
_d1298246